000 00699nam a2200289Ia 4500
005 20260324141725.0
008 008 260324s9999 xx 000 0 eng d
020 _a9781315883397
037 _aEBOOK
040 _aCRL
040 _beng
040 _cCRL
041 _2eng
041 _aeng
084 _qCRL
100 _aHugh Coombs; J. Edwards
_91209270
245 0 _aAccounting Innovation (RLE Accounting)
245 0 _bMunicipal Corporations 1835-1935
260 _bTaylor and Francis
260 _c1996
365 _a
365 _b145
856 _uhttp://www.taylorfrancis.com/books/9781315883397
942 _cEBOOK
999 _c1812655
_d1812655